Efektívne využívane google Adwords bakalárska práca

Na minha lista:
Detalhes bibliográficos
Autor principal: Walder, Matúš
Autor Corporativo: Fakulta hospodárskej informatiky EU. Katedra aplikovanej informatiky
Outros Autores: Schmidt, Peter, 1968-
Formato: Livro
Idioma:eslovaco
Publicado em: Bratislava 2015
Tags: Adicionar Tag
Sem tags, seja o primeiro a adicionar uma tag!

MARC

LEADER 00000nbm a2200000 4500
001 0203651
005 20161212113941.1
041 0 |a slo 
044 |a SK 
245 1 0 |a Efektívne využívane google Adwords  |b bakalárska práca  |c Matúš Walder ; školiteľ: Peter Schmidt 
264 1 |a Bratislava  |c 2015 
300 |a 43 s. 
100 1 |a Walder, Matúš 
700 1 |a Schmidt, Peter, 1968- 
710 2 |a Fakulta hospodárskej informatiky EU. Katedra aplikovanej informatiky